| 000 | 00426nam a22001337a 4500 | ||
|---|---|---|---|
| 003 | SGT | ||
| 082 |
_a617.522 _bC24S |
||
| 100 | _aSunil Kumar | ||
| 245 | _aComparison between efficacy of 45 degree turbine handpiece vs conventional motor handpiece in surgical removal of impacted third molar | ||
| 260 |
_aGurugram, Haryana _bSGT University _c2024 |
||
| 300 | _a83 | ||
| 650 | _aOral & Maxillofacial Surgery | ||
| 942 |
_2ddc _cTH |
||
| 999 |
_c30404 _d30404 |
||